000 00521nam a2200193 i 4500
001 27439
003 ES-MaACL
005 20230906153622.0
007 t|
008 030114s1966 sp ||||1| spa d
100 1 _aAub, Max,
_d1903-1972
_923783
245 1 0 _aMis páginas mejores /
_cMax Aub.
260 _a[Madrid] :
_bGredos,
_c[1966]
300 _a278 p. ;
_c19 cm.
490 1 _aAntología hispánica
830 0 _aAntología hispánica
_9180953
852 _aES-MaACL
_jC-30439
_bR.70091
999 _c27439
_d27439